Reglamento de haciendas locales e instrucción de contabilidad : 4 de agosto de 1952 / por Luis Marqués Carbó ; prólogo de Antonio Saura Pacheco 4 de agosto de 1952 / por Luis Marqués Carbó ; prólogo de Antonio Saura Pacheco
Descripción Física:
617 p. ; 22 cm
Otros Autores:
Saura Pacheco, Antonio, 1904-1989
MARC
| LEADER | 00000nam a2200000Ia 4500 | ||
|---|---|---|---|
| 001 | 14180 | ||
| 008 | 160829s9999 xx 000 0 cat d | ||
| 080 | |a M-4-155 | ||
| 100 | |a Marqués Carbó, Luis |9 24231 |e autor | ||
| 245 | |a Reglamento de haciendas locales e instrucción de contabilidad : |b 4 de agosto de 1952 / por Luis Marqués Carbó ; prólogo de Antonio Saura Pacheco | ||
| 260 | |a Tarragona : |b Sugrañes, [1952?] | ||
| 300 | |a 617 p. ; |c 22 cm | ||
| 590 | |a Índex | ||
| 650 | 0 | |a Finances locals |x Dret i legislació |x Espanya |9 23875 | |
| 650 | |a Administració local |x Comptabilitat |x Espanya |9 24152 | ||
| 700 | 1 | |a Saura Pacheco, Antonio, |d 1904-1989 |e autor del pròleg |9 55048 | |
| 901 | |a Arxiu | ||
| 942 | |n 1 |2 udc | ||
| 952 | |0 0 |1 0 |4 0 |6 M4155 |7 1 |9 47909 |a Arxiu |b Arxiu |d 2016-12-01 |l 0 |o M-4-155 |p 14180 |r 2016-12-01 00:00:00 |w 2016-12-01 |y ARXIU | ||
| 999 | |c 51709 |d 51709 | ||